| 000 | 00415nam a2200181Ia 4500 | ||
|---|---|---|---|
| 005 | 20250423100958.0 | ||
| 008 | 250422s9999 xx 000 0 und d | ||
| 020 | _a0-345-35314-5 | ||
| 050 | _aPS 3553 .R48 S6/ | ||
| 100 | _aCrichton, Michael, 1942-2008 | ||
| 245 | 0 | _aSphere | |
| 260 | _aNew York | ||
| 260 | _bBallantine Books | ||
| 260 | _c1987 | ||
| 300 | _a371 p | ||
| 650 | _aLiterature | ||
| 942 | _cBK | ||
| 999 |
_c34925 _d34925 |
||